| 000 | 01414cab a2200241 4500 | ||
|---|---|---|---|
| 001 | L136197 | ||
| 008 | 070117n2006 000 0 eng u | ||
| 035 | _a(Sirsi) u136197 | ||
| 041 | 0 | _aeng | |
| 245 | 0 | 0 | _aGray and Sons Builders Ltd v Essential Box Comany Ltd |
| 260 | _c2006 | ||
| 520 | _a[2006] EWHC 2520 (TCC), 11 October 2006. The Defendant, The Essential Box Company, Engaged the Claimant, Gray & Sons Builders (Bedford) Limited, to demolish and rebuild a unit on an industrial estate. By a decision dated the 26 April 2006 the Adjudicator concluded that the Defendant had wrongfully repudiated that contract. The sum due as a result of these proceedings was not paid and the Claimant commenced enforcement proceedings. "Held": judgment was given to the Claimant for the amount claimed. | ||
| 590 | _aKA | ||
| 650 | 2 | 4 | _aGRAY AND SONS BUILDERS V ESSENTIAL BOX COMPANY |
| 650 | 2 | 4 | _aCARILLION CONSTRUCTION LTD V DEVONPORT ROYAL DOCKYARD LTD |
| 650 | 2 | 4 | _aWATES CONSTRUCTION LTD V HGP GREENTREE ALLCHURCH EVANS LTD |
| 650 | 2 | 4 | _aHERSCHEL ENGINEERING LTD V BREEN PROPERTY LTD |
| 650 | 2 | 4 | _aHOUSING GRANTS, CONSTRUCTION AND REGENERATION ACT 1996 |
| 651 | 4 | _aBEDFORDSHIRE | |
| 690 | _aBUILT ENVIRONMENT-CONSTRUCTION MANAGEMENT-BUILDING CONTRACT ADMINISTRATION | ||
| 856 | 4 | 0 |
_uhttps://www.bailii.org/ew/cases/EWHC/TCC/2006/2520.html _zView the item free of charge at www.bailii.org... |
| 942 | _n0 | ||
| 999 |
_c78186 _d78186 |
||